The French revolution : an economic interpretation
Saved in:
| Main Author: | |
|---|---|
| Other Authors: | |
| Format: | Book |
| Language: | English French |
| Published: |
Cambridge :
Cambridge University Press,
1990.
|
| Subjects: | |
| Tags: |
Add Tag
No Tags, Be the first to tag this record!
|
MARC
| LEADER | 00000cam a2200000 i 4500 | ||
|---|---|---|---|
| 001 | 1/92942 | ||
| 008 | 940317s1990 enk| ||| |||| ||eng|| | ||
| 020 | |a 0521368103 | ||
| 035 | |l 10008654 | ||
| 040 | |a GR-MyUA |b gre |e AACR2 | ||
| 041 | 1 | |a eng |h fre | |
| 082 | 0 | |a 330.94404 | |
| 100 | 1 | |a Aftalion, Florin. | |
| 245 | 1 | 4 | |a The French revolution : |b an economic interpretation / |c Florin Aftalion ; translated by Martin Thom. |
| 260 | |a Cambridge : |b Cambridge University Press, |c 1990. | ||
| 300 | |a 226 σ. : |b σχέδια ; | ||
| 500 | |a Τίτλος πρωτοτύπου: L'économie de la révolution française. | ||
| 504 | |a Περιέχει βιβλιογραφικές αναφορές και ευρετήριο. | ||
| 651 | 0 | |a France |x Economic conditions |y 18th century. | |
| 651 | 0 | |a France |x History |y Revolution, 1789-1799. | |
| 700 | 1 | |a Thom, Martin, |e trl | |
| 852 | |a INST |b LESVOS |e 19940317 |h 330.94404 AFT |p 005100004507 |q 005100004507 |t BK |y 0 | ||
| 909 | |a Λ |b 034879 | ||